| 000 | 01087nam a2200217 a 4500 | ||
|---|---|---|---|
| 999 |
_c9737 _d9737 |
||
| 005 | 20220524143406.0 | ||
| 008 | 911204s1991 ne a b 000 0 eng | ||
| 010 | _a 91222930 | ||
| 020 | _a9064501009 | ||
| 041 | 1 | _aeng | |
| 082 | 0 | 0 |
_a720 _bHER |
| 100 | 1 | _aHertzberger, Herman. | |
| 245 | 1 | 0 |
_aLessons for students in architecture / _cHerman Hertzberger ; [translated from the Dutch by Ina Rike]. |
| 260 |
_aRotterdam : _bUitgeverij 010 Publishers, _cc1991. |
||
| 300 |
_a272 p. : _bill. ; _c27 cm. |
||
| 500 | _a"Reflects the material discussed in Hertzberger's lectures on architecture at Delft Technical University from 1973 on, and contains elaborated versions of the lecture notes previously published as 'Het openbare rijk' (Public domain) 1982, 'Ruimte maken, ruimte laten' (Making space, leaving space) 1984, and 'Uitnodigende vorm' (Inviting form) 1988"--T.p. verso. | ||
| 504 | _aIncludes bibliographical references (p. 271-272). | ||
| 505 | 0 | _aA. Public domain -- B. Making space, leaving space -- C. Inviting form. | |
| 650 | 0 | _aArchitectural design. | |
| 942 | _2ddc | ||